000 00461nam a2200181Ia 4500
001 2150
005 20260306143821.0
008 260306t2017||||xx |||||||||||||| ||spa||
041 _aESP
082 _a615.842
_bL54
100 _aLi, Changzhi
_eAUT
245 0 _aPrinciples and applications of RF/Microwave in healthcare and biosensing
260 _c2017
300 _a325 páginas :
_c24 cm.
650 _aGEN
654 _aCPS
942 _cLIB
_dJUS
_fJUS
_2ddc
_n
999 _c2150
_d2150